Το παιδί το παιχνίδι και η πραγματικότητα

Αποθηκεύτηκε σε:
Λεπτομέρειες βιβλιογραφικής εγγραφής
Κύριος συγγραφέας: Winnicott, D. W. (Donald Woods), 1896-1971
Άλλοι συγγραφείς: Κωστόπουλος, Γιάννης (Μεταφραστής)
Μορφή: Βιβλίο
Γλώσσα:Greek
English
Δημοσίευση: Αθήνα : Καστανιώτης, 1980.
Σειρά:Σύγχρονη ψυχαναλυτική βιβλιοθήκη. Ψυχανάλυση και κοινωνία (Καστανιώτης) ; 9
Θέματα:
Ετικέτες: Προσθήκη ετικέτας
Δεν υπάρχουν, Καταχωρήστε ετικέτα πρώτοι!

MARC

LEADER 00000cam a2200000 i 4500
001 1/72200
008 960506s1980 gr | ||| |||| ||gre||
035 |a 1986  |c Αγορά  |l 10031172 
035 |a 1988  |b 2  |c Αγορά/Καϊλα 
035 |a 1996  |b 3  |c Μικιόζος 
040 |a GR-MY-UA  |b gre  |e aacr 
041 1 |a gre  |h eng 
082 7 |a 155.4   |2 (22) 
100 1 |a Winnicott, D. W.   |q (Donald Woods),   |d 1896-1971. 
245 1 3 |a Το παιδί το παιχνίδι και η πραγματικότητα /   |c Ντ. Βίννικοτ ; μετάφραση: Γιάννης Κωστόπουλος.  
260 |a Αθήνα :   |b Καστανιώτης,   |c 1980. 
300 |a 253 σ. ;   |c 24 εκ.  
490 1 |a (Σύγχρονη ψυχαναλυτική βιβλιοθήκη. Ψυχανάλυση και κοινωνία / Καστανιώτης ;   |v  9) 
500 |a Τίτλος πρωτοτύπου: Playing and reality  
650 0 0 |a Play therapy. 
650 0 0 |a Child psychotherapy. 
650 0 0 |a Child analysis. 
650 0 0 |a Child development. 
700 1 |a Κωστόπουλος, Γιάννης,  |e trl 
830 0 |a Σύγχρονη ψυχαναλυτική βιβλιοθήκη. Ψυχανάλυση και κοινωνία (Καστανιώτης)  |v  ; 9 
852 |a INST  |b RHODES  |e 19960506  |h 155.4 WIN  |p 005400003742  |q 005400003742  |t BK  |y 0 
852 |a INST  |b RHODES  |e 19960627  |h 155.4 WIN  |p 005400004894  |q 005400004894  |t BK  |y 0 
852 |a INST  |b RHODES  |e 19990115  |h 155.4 WIN  |p 005400006797  |q 005400006797  |t BK  |y 0 
909 |a Ρ  |b 011566 
909 |a Ρ  |b 005489 
909 |a Ρ  |b 049065 
970 |z 06/05/1996